Adventures of Feluda (Record no. 91810)
[ view plain ]
| 000 -LEADER | |
|---|---|
| fixed length control field | 00929nam a2200253Ia 4500 |
| 003 - CONTROL NUMBER IDENTIFIER | |
| control field | OSt |
| 005 - DATE AND TIME OF LATEST TRANSACTION | |
| control field | 20220426091648.0 |
| 008 - FIXED-LENGTH DATA ELEMENTS--GENERAL INFORMATION | |
| fixed length control field | 210210b1988 xxu||||| |||| 00| 0 eng d |
| 020 ## - INTERNATIONAL STANDARD BOOK NUMBER | |
| International Standard Book Number | 0140112219 |
| 040 ## - CATALOGING SOURCE | |
| Transcribing agency | Aloy |
| 082 ## - DEWEY DECIMAL CLASSIFICATION NUMBER | |
| Classification number | 820.301 |
| Edition number | 23 |
| Item number | RAYA |
| 100 ## - MAIN ENTRY--PERSONAL NAME | |
| Personal name | Satyajit Ray |
| 9 (RLIN) | 31757 |
| 245 ## - TITLE STATEMENT | |
| Title | Adventures of Feluda |
| 260 ## - PUBLICATION, DISTRIBUTION, ETC. | |
| Place of publication, distribution, etc. | N D |
| Name of publisher, distributor, etc. | Penguin Books |
| Date of publication, distribution, etc. | 1988 |
| 300 ## - PHYSICAL DESCRIPTION | |
| Extent | 267p. |
| Other physical details | PB |
| Dimensions | 20x13 cm |
| 520 ## - SUMMARY, ETC. | |
| Summary, etc. | Four novellas of crime and suspense featuring Feluda, the brilliant Bengali private investigator.<br/>Contents<br/>The Golden Fortress<br/>The Buccaneer of Bombay (The Bandits of Bombay)<br/>Mystery at Golok Lodge (A Mysterious Tenant)<br/>Trouble in the Graveyard (The Secret of the Cemetery) |
| 650 ## - SUBJECT ADDED ENTRY--TOPICAL TERM | |
| Topical term or geographic name entry element | Stories |
| 9 (RLIN) | 31758 |
| 650 ## - SUBJECT ADDED ENTRY--TOPICAL TERM | |
| Topical term or geographic name entry element | English Literature |
| 9 (RLIN) | 31762 |
| 690 ## - LOCAL SUBJECT ADDED ENTRY--TOPICAL TERM (OCLC, RLIN) | |
| Topical term or geographic name as entry element | Indian English Fiction |
| 9 (RLIN) | 31759 |
| 700 ## - ADDED ENTRY--PERSONAL NAME | |
| Personal name | RAY (Satyajit) |
| 9 (RLIN) | 31760 |
| 700 ## - ADDED ENTRY--PERSONAL NAME | |
| Personal name | BANERJI (Chitrita) Tr |
| 9 (RLIN) | 31761 |
| 906 ## - LOCAL DATA ELEMENT F, LDF (RLIN) | |
| a | 041931 |
| 942 ## - ADDED ENTRY ELEMENTS (KOHA) | |
| Source of classification or shelving scheme | Dewey Decimal Classification |
| Koha item type | Book |
| Withdrawn status | Lost status | Damaged status | Not for loan | Collection code | Home library | Current library | Shelving location | Date acquired | Cost, normal purchase price | Total Checkouts | Total Renewals | Full call number | Barcode | Date last seen | Date last checked out | Price effective from | Koha item type | Source of classification or shelving scheme |
|---|---|---|---|---|---|---|---|---|---|---|---|---|---|---|---|---|---|---|
| St Aloysius Library | St Aloysius Library | 02/17/2021 | 0.00 | 1 | 1 | 820.301 RAYA | 041931 | 11/27/2024 | 11/08/2024 | 02/17/2021 | Book | |||||||
| English | St Aloysius Library | St Aloysius Library | 03/24/2013 | 820.301 RAYA | GF03017 | 04/26/2022 | 04/26/2022 | George Fernandes Collections | Dewey Decimal Classification |